Canada's Laws on Import and Export An Overview /

Bibliographic Details
Main Author: Prabhu, Mohan
Format: eBook
Language:English
Published: Toronto: Irwin Law Inc., 2014
Subjects:
Online Access:Acceso restringido

MARC

LEADER 00000nam a22000007a 4500
005 2021080403233.0
007 cr|||| |||
008 210804s2014 ca |||||s|||| 00||0 eng d
020 |a 9781552213629 
035 |a 34923 
040 |a vLex 
090 |c 11911  |d 11911 
100 1 |a Prabhu, Mohan 
245 1 0 |a Canada's Laws on Import and Export  |h [Recurso electrn̤ico] :  |b An Overview /  |c Mohan Prabhu 
256 |a Servicio en ln̕ea 
260 |a Toronto:  |b Irwin Law Inc.,  |c 2014 
300 |a 1 recurso electrn̤ico 
500 |a This book provides a comprehensive overview of legislation dealing with customs, customs tariffs, free trade agreements, anti-dumping measures, prohibited subsidies, Kimberley Process, cultural property, and other statutes regulating Canada’s international trade. Important illustrative decisions of the Canadian International Trade Tribunal and of the courts, as well as decisions of the NAFTA and WTO panels, are discussed to aid understanding of the interpretation by these bodies of statutory provisions. The book will be of special interest to importers, foreign exporters, customs brokers, trade law practitioners, and those engaged in international trade and commerce, as well as to Canada’s current and potential free trade partner countries. The author’s previous works in this field include eleven editions of the Annotated Customs Act (Carswell, 1991–2012), and three editions of Customs and Excise Laws of Canada (Carswell, 1983–2004) in 8 CED (Ontario). 
506 1 |a Disponible solo en los productos indicados  |d vLex Global  |d vLex Global (Academic Edition, excluding Law Schools)  |d vLex Global (U.S. Academic Edition, Law Schools)  |d vLex Global (U.S. Academic Edition, excluding Law Schools)  |d vLex Global (Academic Edition, Law Schools) 
650 0 4 |a Comercio  |z Canad̀ 
650 0 4 |a Importaciones  |z Canad̀ 
650 0 4 |a Exportaciones  |z Canad̀ 
740 0 |a vLex Libros (Servicio en ln̕ea) 
856 4 0 |u https://app.vlex.com/#/sources/34923  |z Acceso restringido 
942 |c BOOK 
999 0 |a Trade 
999 0 |a Imports 
999 0 |a Exports